000 00235nam a2200109Ia 4500
999 _c8440
_d8440
020 _a978-0073655789
100 _aRoger S. Pressman
245 0 _aSoftware Engineering
260 _aUSA
_bMcGraw -Hill
_c2002
300 _a881
942 _cBK